{"text_format":"1","workbook":"xlsx","n_sheets":3,"sheets":["Formato","Instructivo de Diligenciamiento","Listas"],"not_rendered":{"charts":0,"images":3,"macros":1,"external_links":0,"defined_names":4,"comments":1,"pivot_tables":0},"unopened":[],"bounds":{"document_bytes":16777216,"sheet_cells":100000,"rows_first":2000,"rows_last":500,"rows_between":2000,"halvings":0,"cell_chars":16384,"cell_head_chars":4096},"cells_cut":0,"cells_raw":0,"read":"whole","date_system":"1900"}

{"sheet":"Formato","index":0,"n_rows":132,"n_cols":17,"rows_kept":132,"cut":false,"hidden":false,"merged":[[4,4,5,5],[27,6,27,8],[27,9,27,10],[27,11,27,13],[15,3,15,7],[27,4,27,5],[1,1,1,13],[7,1,7,2],[11,1,11,2],[23,9,23,13],[25,1,25,2],[25,4,25,5],[25,6,25,8],[25,9,25,10],[25,11,25,13],[11,3,11,9],[9,10,9,11],[9,12,9,13],[2,1,2,13],[4,1,5,3],[4,10,5,11],[4,7,5,9],[29,9,29,10],[21,1,21,13],[7,3,7,9],[9,1,9,2],[9,3,9,7],[7,12,7,13],[23,1,23,2],[23,4,23,8],[19,1,19,13],[29,1,29,2],[29,11,29,13],[17,1,17,13],[29,4,29,8],[15,1,15,2],[13,1,13,13],[27,1,27,2],[38,2,38,3],[38,16,38,17],[38,10,38,11],[37,10,37,17],[31,6,31,8],[31,11,31,13],[37,1,37,9],[31,1,31,2],[31,4,31,5],[31,9,31,10],[35,0,35,17],[37,0,38,0],[38,8,38,9],[39,16,39,17],[115,6,115,7],[115,8,115,9],[39,10,39,11],[39,2,39,3],[39,8,39,9],[40,2,40,3],[40,8,40,9],[40,10,40,11],[40,16,40,17],[41,2,41,3],[41,8,41,9],[41,10,41,11],[41,16,41,17],[42,2,42,3],[42,8,42,9],[44,2,44,3],[44,8,44,9],[44,10,44,11],[44,16,44,17],[45,2,45,3],[45,8,45,9],[45,10,45,11],[45,16,45,17],[130,10,131,14],[130,1,130,3],[130,6,130,8],[131,1,131,3],[131,4,131,5],[131,6,131,8],[118,0,118,17],[122,1,122,4],[122,5,122,7],[122,8,122,11],[123,1,123,4],[123,5,123,7],[123,8,123,11],[120,1,120,4],[120,5,120,7],[120,8,120,11],[121,1,121,4],[121,5,121,7],[121,8,121,11],[125,1,125,3],[125,11,127,13],[128,11,128,13],[128,1,128,3],[128,6,128,8],[42,10,42,11],[42,16,42,17],[43,2,43,3],[43,8,43,9],[43,10,43,11],[43,16,43,17],[48,2,48,3],[48,8,48,9],[48,10,48,11],[48,16,48,17],[49,2,49,3],[49,8,49,9],[49,10,49,11],[49,16,49,17],[46,2,46,3],[46,8,46,9],[46,10,46,11],[46,16,46,17],[47,2,47,3],[47,8,47,9],[47,10,47,11],[47,16,47,17],[52,2,52,3],[52,8,52,9],[52,10,52,11],[52,16,52,17],[53,2,53,3],[53,8,53,9],[53,10,53,11],[53,16,53,17],[50,2,50,3],[50,8,50,9],[50,10,50,11],[50,16,50,17],[51,2,51,3],[51,8,51,9],[51,10,51,11],[51,16,51,17],[56,2,56,3],[56,8,56,9],[56,10,56,11],[56,16,56,17],[57,2,57,3],[57,8,57,9],[57,10,57,11],[57,16,57,17],[54,2,54,3],[54,8,54,9],[54,10,54,11],[54,16,54,17],[55,2,55,3],[55,8,55,9],[55,10,55,11],[55,16,55,17],[60,2,60,3],[60,8,60,9],[60,10,60,11],[60,16,60,17],[61,2,61,3],[61,8,61,9],[61,10,61,11],[61,16,61,17],[58,2,58,3],[58,8,58,9],[58,10,58,11],[58,16,58,17],[59,2,59,3],[59,8,59,9],[59,10,59,11],[59,16,59,17],[64,2,64,3],[64,8,64,9],[64,10,64,11],[64,16,64,17],[65,2,65,3],[65,8,65,9],[65,10,65,11],[65,16,65,17],[62,2,62,3],[62,8,62,9],[62,10,62,11],[62,16,62,17],[63,2,63,3],[63,8,63,9],[63,10,63,11],[63,16,63,17],[68,2,68,3],[68,8,68,9],[68,10,68,11],[68,16,68,17],[69,2,69,3],[69,8,69,9],[69,10,69,11],[69,16,69,17],[66,2,66,3],[66,8,66,9],[66,10,66,11],[66,16,66,17],[67,2,67,3],[67,8,67,9],[67,10,67,11],[67,16,67,17],[72,2,72,3],[72,8,72,9],[72,10,72,11],[72,16,72,17],[73,2,73,3],[73,8,73,9],[73,10,73,11],[73,16,73,17],[70,2,70,3],[70,8,70,9],[70,10,70,11],[70,16,70,17],[71,2,71,3],[71,8,71,9],[71,10,71,11],[71,16,71,17],[76,2,76,3],[76,8,76,9],[76,10,76,11],[76,16,76,17],[77,2,77,3],[77,8,77,9],[77,10,77,11],[77,16,77,17],[74,2,74,3],[74,8,74,9],[74,10,74,11],[74,16,74,17],[75,2,75,3],[75,8,75,9],[75,10,75,11],[75,16,75,17],[80,2,80,3],[80,8,80,9],[80,10,80,11],[80,16,80,17],[81,2,81,3],[81,8,81,9],[81,10,81,11],[81,16,81,17],[78,2,78,3],[78,8,78,9],[78,10,78,11],[78,16,78,17],[79,2,79,3],[79,8,79,9],[79,10,79,11],[79,16,79,17],[84,2,84,3],[84,8,84,9],[84,10,84,11],[84,16,84,17],[85,2,85,3],[85,8,85,9],[85,10,85,11],[85,16,85,17],[82,2,82,3],[82,8,82,9],[82,10,82,11],[82,16,82,17],[83,2,83,3],[83,8,83,9],[83,10,83,11],[83,16,83,17],[88,2,88,3],[88,8,88,9],[88,10,88,11],[88,16,88,17],[89,2,89,3],[89,8,89,9],[89,10,89,11],[89,16,89,17],[86,2,86,3],[86,8,86,9],[86,10,86,11],[86,16,86,17],[87,2,87,3],[87,8,87,9],[87,10,87,11],[87,16,87,17],[92,2,92,3],[92,8,92,9],[92,10,92,11],[92,16,92,17],[93,2,93,3],[93,8,93,9],[93,10,93,11],[93,16,93,17],[90,2,90,3],[90,8,90,9],[90,10,90,11],[90,16,90,17],[91,2,91,3],[91,8,91,9],[91,10,91,11],[91,16,91,17],[96,2,96,3],[96,8,96,9],[96,10,96,11],[96,16,96,17],[97,2,97,3],[97,8,97,9],[97,10,97,11],[97,16,97,17],[94,2,94,3],[94,8,94,9],[94,10,94,11],[94,16,94,17],[95,2,95,3],[95,8,95,9],[95,10,95,11],[95,16,95,17],[100,2,100,3],[100,8,100,9],[100,10,100,11],[100,16,100,17],[101,2,101,3],[101,8,101,9],[101,10,101,11],[101,16,101,17],[98,2,98,3],[98,8,98,9],[98,10,98,11],[98,16,98,17],[99,2,99,3],[99,8,99,9],[99,10,99,11],[99,16,99,17],[104,2,104,3],[104,8,104,9],[104,10,104,11],[104,16,104,17],[105,2,105,3],[105,8,105,9],[105,10,105,11],[105,16,105,17],[102,2,102,3],[102,8,102,9],[102,10,102,11],[102,16,102,17],[103,2,103,3],[103,8,103,9],[103,10,103,11],[103,16,103,17],[108,2,108,3],[108,8,108,9],[108,10,108,11],[108,16,108,17],[109,2,109,3],[109,8,109,9],[109,10,109,11],[109,16,109,17],[106,2,106,3],[106,8,106,9],[106,10,106,11],[106,16,106,17],[107,2,107,3],[107,8,107,9],[107,10,107,11],[107,16,107,17],[112,2,112,3],[112,8,112,9],[112,10,112,11],[112,16,112,17],[113,2,113,3],[113,8,113,9],[113,10,113,11],[113,16,113,17],[110,2,110,3],[110,8,110,9],[110,10,110,11],[110,16,110,17],[111,2,111,3],[111,8,111,9],[111,10,111,11],[111,16,111,17]]}
[]
[null,"FORMATO PARA MODIFICACIÓN DE ÓRDENES DE COMPRA"]
[null,"Tienda Virtual del Estado Colombiano"]
[]
[null,"Número de Orden de Compra a modificar:",null,null,4416,null,null,"Número de modificación de la Orden de Compra:",null,null,8]
[]
[]
[null,"Entidad Compradora:",null,"DEPARTAMENTO ADMINISTRATIVO PARA LA PROSPERIDAD SOCIAL",null,null,null,null,null,null,null,"NIT:","900.039.533-8"]
[]
[null,"Nombre del solicitante:",null,"JULIAN TORRES JIMÉNEZ",null,null,null,null,null,null,"Teléfono de contacto:",null,"5960800 EXT. 9202"]
[]
[null,"Proveedor :",null,"BANCO AGRARIO DE COLOMBIA S.A."]
[]
[null,"Sección 1: Tipo de acción"]
[]
[null,"Tipo",null,"Modificación de la Orden de Compra"]
[]
[null,"Sección 2: Justificación de la modificación o de las acciones a realizar"]
[]
[null,"Se solicita la adición en el numero de cantidades establecidas para 75 municipios detallados en la orden de compra,  y focalizados del programa Jóvenes en  Acción - JeA, toda vez que los participantes en estos Municipios vienen cumpliendo con el logro de las competencias de aprendizaje y el desempeño académico requeridos para el giro del incentivo económico que el Programa reconoce."]
[]
[null,"Sección 3:  Modificación información general"]
[]
[null,"Nombre del campo",null,"¿Requiere modificación Si/No?","Datos actuales",null,null,null,null,"Nuevos datos"]
[]
[null,"Actualizar supervisor",null,"NO","Nombre del supervisor actual",null,0,null,null,"Nombre nuevo supervisor"]
[]
[null,"Dirección y/o teléfono Supervisor",null,"NO","Teléfono actual supervisor",null,0,null,null,"Teléfono nuevo supervisor"]
[]
[null,"Fecha de vencimiento",null,"Ampliar fecha","   La fecha vencimiento actual se tomará de la TVEC al momento del cambio",null,null,null,null,"Nueva fecha de vencimiento",null,"2017-04-30"]
[]
[null,"Dirección y/o teléfono Entidad",null,"NO","Dirección / teléfono actual Entidad",null,0,null,null,"Nueva dirección / teléfono Entidad"]
[]
[]
[]
["Sección 4: Modificación de artículos y servicios"]
[]
["Tipo de modificación","Información actual",null,null,null,null,null,null,null,null,"Nueva información"]
[null,"Número de la línea según O.C.","Nombre del artículo",null,"Cantidad","Unidad de medida","Precio unitario","Total","Información presupuestal",null,"Nombre del artículo",null,"Cantidad","Unidad de medida","Precio unitario","Total","Información presupuestal"]
["Agregar nuevo artículo o servicio","No aplica","No aplica",null,"No aplica","No aplica","No aplica",0,"No aplica",null,"SF Tipo 4 - 5045 - APARTADO - Beneficiarios: 2038",null,1796,"Unidad  ",4640,{"$f":"ROUND(M40*O40, 2)","v":8333440},101716]
["Agregar nuevo artículo o servicio","No aplica","No aplica",null,"No aplica","No aplica","No aplica",0,"No aplica",null,"SF Tipo 4 - 5129 - CALDAS - Beneficiarios: 177",null,353,"Unidad",4640,1637920,101716]
["Agregar nuevo artículo o servicio","No aplica","No aplica",null,"No aplica","No aplica","No aplica",0,"No aplica",null,"SF Tipo 4 - 5154 - CAUCASIA - Beneficiarios: 17",null,1483,"Unidad",4640,6881120,101716]
["Agregar nuevo artículo o servicio","No aplica","No aplica",null,"No aplica","No aplica","No aplica",0,"No aplica",null,"SF Tipo 4 - 5172 - CHIGORODO - Beneficiarios: 84",null,132,"Unidad",4640,612480,101716]
["Agregar nuevo artículo o servicio","No aplica","No aplica",null,"No aplica","No aplica","No aplica",0,"No aplica",null,"SF Tipo 4 - 5190 - CISNEROS - Beneficiarios: 26",null,26,"Unidad",4640,120640,101716]
["Agregar nuevo artículo o servicio","No aplica","No aplica",null,"No aplica","No aplica","No aplica",0,"No aplica",null,"SF Tipo 4 - 5266 - ENVIGADO - Beneficiarios: 17",null,44,"Unidad",4640,204160,101716]
["Agregar nuevo artículo o servicio","No aplica","No aplica",null,"No aplica","No aplica","No aplica",0,"No aplica",null,"SF Tipo 4 - 5360 - ITAGUI - Beneficiarios: 493",null,1631,"Unidad",4640,7567840,101716]
["Agregar nuevo artículo o servicio","No aplica","No aplica",null,"No aplica","No aplica","No aplica",0,"No aplica",null,"SF Tipo 4 - 5361 - ITUANGO - Beneficiarios: 3",null,21,"Unidad",4640,97440,101716]
["Agregar nuevo artículo o servicio","No aplica","No aplica",null,"No aplica","No aplica","No aplica",0,"No aplica",null,"SF Tipo 4 - 5001 - MEDELLIN - Beneficiarios: 10711",null,18421,"Unidad",4640,85473440,101716]
["Agregar nuevo artículo o servicio","No aplica","No aplica",null,"No aplica","No aplica","No aplica",0,"No aplica",null,"SF Tipo 4 - 5615 - RIONEGRO - Beneficiarios: 404",null,1085,"Unidad",4640,5034400,101716]
["Agregar nuevo artículo o servicio","No aplica","No aplica",null,"No aplica","No aplica","No aplica",0,"No aplica",null,"SF Tipo 4 - 5756 - SONSON - Beneficiarios: 1",null,3,"Unidad",4640,13920,101716]
["Agregar nuevo artículo o servicio","No aplica","No aplica",null,"No aplica","No aplica","No aplica",0,"No aplica",null,"SF Tipo 4 - 5837 - TURBO - Beneficiarios: 211",null,1037,"Unidad",4640,4811680,101716]
["Agregar nuevo artículo o servicio","No aplica","No aplica",null,"No aplica","No aplica","No aplica",0,"No aplica",null,"SF Tipo 4 - 81001 - ARAUCA - Beneficiarios: 304",null,374,"Unidad",4640,1735360,101716]
["Agregar nuevo artículo o servicio","No aplica","No aplica",null,"No aplica","No aplica","No aplica",0,"No aplica",null,"SF Tipo 4 - 81736 - SARAVENA - Beneficiarios: 100",null,2,"Unidad",4640,9280,101716]
["Agregar nuevo artículo o servicio","No aplica","No aplica",null,"No aplica","No aplica","No aplica",0,"No aplica",null,"SF Tipo 4 - 8001 - BARRANQUILLA - Beneficiarios: 13429",null,12333,"Unidad",4640,57225120,101716]
["Agregar nuevo artículo o servicio","No aplica","No aplica",null,"No aplica","No aplica","No aplica",0,"No aplica",null,"SF Tipo 4 - 8638 - SABANALARGA - Beneficiarios: 549",null,434,"Unidad",4640,2013760,101716]
["Agregar nuevo artículo o servicio","No aplica","No aplica",null,"No aplica","No aplica","No aplica",0,"No aplica",null,"SF Tipo 4 - 8758 - SOLEDAD - Beneficiarios: 12",null,35,"Unidad",4640,162400,101716]
["Agregar nuevo artículo o servicio","No aplica","No aplica",null,"No aplica","No aplica","No aplica",0,"No aplica",null,"SF Tipo 4 - 11001 - BOGOTA, D.C. - Beneficiarios: 11514",null,16667,"Unidad",4640,77334880,101716]
["Agregar nuevo artículo o servicio","No aplica","No aplica",null,"No aplica","No aplica","No aplica",0,"No aplica",null,"SF Tipo 4 - 13001 - CARTAGENA - Beneficiarios: 7582",null,7668,"Unidad",4640,35579520,101716]
["Agregar nuevo artículo o servicio","No aplica","No aplica",null,"No aplica","No aplica","No aplica",0,"No aplica",null,"SF Tipo 4 - 15176 - CHIQUINQUIRA - Beneficiarios: 225",null,368,"Unidad",4640,1707520,101716]
["Agregar nuevo artículo o servicio","No aplica","No aplica",null,"No aplica","No aplica","No aplica",0,"No aplica",null,"SF Tipo 4 - 15238 - DUITAMA - Beneficiarios: 487",null,837,"Unidad",4640,3883680,101716]
["Agregar nuevo artículo o servicio","No aplica","No aplica",null,"No aplica","No aplica","No aplica",0,"No aplica",null,"SF Tipo 4 - 15759 - SOGAMOSO - Beneficiarios: 1775",null,1539,"Unidad",4640,7140960,101716]
["Agregar nuevo artículo o servicio","No aplica","No aplica",null,"No aplica","No aplica","No aplica",0,"No aplica",null,"SF Tipo 4 - 15001 - TUNJA - Beneficiarios: 3328",null,4465,"Unidad",4640,20717600,101716]
["Agregar nuevo artículo o servicio","No aplica","No aplica",null,"No aplica","No aplica","No aplica",0,"No aplica",null,"SF Tipo 4 - 17380 - LA DORADA - Beneficiarios: 7",null,413,"Unidad",4640,1916320,101716]
["Agregar nuevo artículo o servicio","No aplica","No aplica",null,"No aplica","No aplica","No aplica",0,"No aplica",null,"SF Tipo 4 - 17001 - MANIZALES - Beneficiarios: 2839",null,3368,"Unidad",4640,15627520,101716]
["Agregar nuevo artículo o servicio","No aplica","No aplica",null,"No aplica","No aplica","No aplica",0,"No aplica",null,"SF Tipo 4 - 18001 - FLORENCIA - Beneficiarios: 2513",null,1778,"Unidad",4640,8249920,101716]
["Agregar nuevo artículo o servicio","No aplica","No aplica",null,"No aplica","No aplica","No aplica",0,"No aplica",null,"SF Tipo 4 - 19001 - POPAYAN - Beneficiarios: 4844",null,4548,"Unidad",4640,21102720,101716]
["Agregar nuevo artículo o servicio","No aplica","No aplica",null,"No aplica","No aplica","No aplica",0,"No aplica",null,"SF Tipo 4 - 19698 - SANTANDER DE QUILICHAO - Beneficiarios: 100",null,37,"Unidad",4640,171680,101716]
["Agregar nuevo artículo o servicio","No aplica","No aplica",null,"No aplica","No aplica","No aplica",0,"No aplica",null,"SF Tipo 4 - 20011 - AGUACHICA - Beneficiarios: 323",null,718,"Unidad",4640,3331520,101716]
["Agregar nuevo artículo o servicio","No aplica","No aplica",null,"No aplica","No aplica","No aplica",0,"No aplica",null,"SF Tipo 4 - 20001 - VALLEDUPAR - Beneficiarios: 5548",null,649,"Unidad",4640,3011360,101716]
["Agregar nuevo artículo o servicio","No aplica","No aplica",null,"No aplica","No aplica","No aplica",0,"No aplica",null,"SF Tipo 4 - 27001 - QUIBDO - Beneficiarios: 1335",null,1256,"Unidad",4640,5827840,101716]
["Agregar nuevo artículo o servicio","No aplica","No aplica",null,"No aplica","No aplica","No aplica",0,"No aplica",null,"SF Tipo 4 - 25175 - CHIA - Beneficiarios: 936",null,1192,"Unidad",4640,5530880,101716]
["Agregar nuevo artículo o servicio","No aplica","No aplica",null,"No aplica","No aplica","No aplica",0,"No aplica",null,"SF Tipo 4 - 25290 - FUSAGASUGA - Beneficiarios: 399",null,718,"Unidad",4640,{"$f":"ROUND(M72*O72, 2)","v":3331520},101716]
["Agregar nuevo artículo o servicio","No aplica","No aplica",null,"No aplica","No aplica","No aplica",0,"No aplica",null,"SF Tipo 4 - 25307 - GIRARDOT - Beneficiarios: 744",null,1149,"Unidad",4640,5331360,101716]
["Agregar nuevo artículo o servicio","No aplica","No aplica",null,"No aplica","No aplica","No aplica",0,"No aplica",null,"SF Tipo 4 - 25320 - GUADUAS - Beneficiarios: 16",null,32,"Unidad",4640,148480,101716]
["Agregar nuevo artículo o servicio","No aplica","No aplica",null,"No aplica","No aplica","No aplica",0,"No aplica",null,"SF Tipo 4 - 25473 - MOSQUERA - Beneficiarios: 86",null,827,"Unidad",4640,3837280,101716]
["Agregar nuevo artículo o servicio","No aplica","No aplica",null,"No aplica","No aplica","No aplica",0,"No aplica",null,"SF Tipo 4 - 25754 - SOACHA - Beneficiarios: 817",null,1037,"Unidad",4640,4811680,101716]
["Agregar nuevo artículo o servicio","No aplica","No aplica",null,"No aplica","No aplica","No aplica",0,"No aplica",null,"SF Tipo 4 - 25875 - VILLETA - Beneficiarios: 57",null,735,"Unidad",4640,3410400,101716]
["Agregar nuevo artículo o servicio","No aplica","No aplica",null,"No aplica","No aplica","No aplica",0,"No aplica",null,"SF Tipo 4 - 94001 - INIRIDA - Beneficiarios: 66",null,86,"Unidad",4640,399040,101716]
["Agregar nuevo artículo o servicio","No aplica","No aplica",null,"No aplica","No aplica","No aplica",0,"No aplica",null,"SF Tipo 4 - 44279 - FONSECA - Beneficiarios: 613",null,652,"Unidad",4640,3025280,101716]
["Agregar nuevo artículo o servicio","No aplica","No aplica",null,"No aplica","No aplica","No aplica",0,"No aplica",null,"SF Tipo 4 - 44430 - MAICAO - Beneficiarios: 793",null,2655,"Unidad",4640,12319200,101716]
["Agregar nuevo artículo o servicio","No aplica","No aplica",null,"No aplica","No aplica","No aplica",0,"No aplica",null,"SF Tipo 4 - 95001 - SAN JOSE DEL GUAVIARE - Beneficiarios: 507",null,587,"Unidad",4640,2723680,101716]
["Agregar nuevo artículo o servicio","No aplica","No aplica",null,"No aplica","No aplica","No aplica",0,"No aplica",null,"SF Tipo 4 - 41132 - CAMPOALEGRE - Beneficiarios: 17",null,620,"Unidad",4640,2876800,101716]
["Agregar nuevo artículo o servicio","No aplica","No aplica",null,"No aplica","No aplica","No aplica",0,"No aplica",null,"SF Tipo 4 - 41298 - GARZON - Beneficiarios: 602",null,1734,"Unidad",4640,8045760,101716]
["Agregar nuevo artículo o servicio","No aplica","No aplica",null,"No aplica","No aplica","No aplica",0,"No aplica",null,"SF Tipo 4 - 41396 - LA PLATA - Beneficiarios: 424",null,1119,"Unidad",4640,5192160,101716]
["Agregar nuevo artículo o servicio","No aplica","No aplica",null,"No aplica","No aplica","No aplica",0,"No aplica",null,"SF Tipo 4 - 41001 - NEIVA - Beneficiarios: 2949",null,94,"Unidad",4640,436160,101716]
["Agregar nuevo artículo o servicio","No aplica","No aplica",null,"No aplica","No aplica","No aplica",0,"No aplica",null,"SF Tipo 4 - 41551 - PITALITO - Beneficiarios: 1003",null,1577,"Unidad",4640,7317280,101716]
["Agregar nuevo artículo o servicio","No aplica","No aplica",null,"No aplica","No aplica","No aplica",0,"No aplica",null,"SF Tipo 4 - 47001 - SANTA MARTA - Beneficiarios: 4972",null,4371,"Unidad",4640,20281440,101716]
["Agregar nuevo artículo o servicio","No aplica","No aplica",null,"No aplica","No aplica","No aplica",0,"No aplica",null,"SF Tipo 4 - 50001 - VILLAVICENCIO - Beneficiarios: 2678",null,2298,"Unidad",4640,10662720,101716]
["Agregar nuevo artículo o servicio","No aplica","No aplica",null,"No aplica","No aplica","No aplica",0,"No aplica",null,"SF Tipo 4 - 54498 - OCAÑA - Beneficiarios: 1835",null,5501,"Unidad",4640,25524640,101716]
["Agregar nuevo artículo o servicio","No aplica","No aplica",null,"No aplica","No aplica","No aplica",0,"No aplica",null,"SF Tipo 4 - 54518 - PAMPLONA - Beneficiarios: 3602",null,14152,"Unidad",4640,65665280,101716]
["Agregar nuevo artículo o servicio","No aplica","No aplica",null,"No aplica","No aplica","No aplica",0,"No aplica",null,"SF Tipo 4 - 52356 - IPIALES - Beneficiarios: 346",null,872,"Unidad",4640,4046080,101716]
["Agregar nuevo artículo o servicio","No aplica","No aplica",null,"No aplica","No aplica","No aplica",0,"No aplica",null,"SF Tipo 4 - 52001 - PASTO - Beneficiarios: 3495",null,2912,"Unidad",4640,13511680,101716]
["Agregar nuevo artículo o servicio","No aplica","No aplica",null,"No aplica","No aplica","No aplica",0,"No aplica",null,"SF Tipo 4 - 52835 - SAN ANDRES DE TUMACO - Beneficiarios: 569",null,438,"Unidad",4640,2032320,101716]
["Agregar nuevo artículo o servicio","No aplica","No aplica",null,"No aplica","No aplica","No aplica",0,"No aplica",null,"SF Tipo 4 - 52838 - TUQUERRES - Beneficiarios: 106",null,132,"Unidad",4640,612480,101716]
["Agregar nuevo artículo o servicio","No aplica","No aplica",null,"No aplica","No aplica","No aplica",0,"No aplica",null,"SF Tipo 4 - 86568 - PUERTO ASIS - Beneficiarios: 440",null,1075,"Unidad",4640,4988000,101716]
["Agregar nuevo artículo o servicio","No aplica","No aplica",null,"No aplica","No aplica","No aplica",0,"No aplica",null,"SF Tipo 4 - 86749 - SIBUNDOY - Beneficiarios: 13",null,202,"Unidad",4640,937280,101716]
["Agregar nuevo artículo o servicio","No aplica","No aplica",null,"No aplica","No aplica","No aplica",0,"No aplica",null,"SF Tipo 4 - 63001 - ARMENIA - Beneficiarios: 2409",null,207,"Unidad",4640,960480,101716]
["Agregar nuevo artículo o servicio","No aplica","No aplica",null,"No aplica","No aplica","No aplica",0,"No aplica",null,"SF Tipo 4 - 66170 - DOSQUEBRADAS - Beneficiarios: 669",null,138,"Unidad",4640,640320,101716]
["Agregar nuevo artículo o servicio","No aplica","No aplica",null,"No aplica","No aplica","No aplica",0,"No aplica",null,"SF Tipo 4 - 68081 - BARRANCABERMEJA - Beneficiarios: 1324",null,2839,"Unidad",4640,13172960,101716]
["Agregar nuevo artículo o servicio","No aplica","No aplica",null,"No aplica","No aplica","No aplica",0,"No aplica",null,"SF Tipo 4 - 68276 - FLORIDABLANCA - Beneficiarios: 20",null,604,"Unidad",4640,2802560,101716]
["Agregar nuevo artículo o servicio","No aplica","No aplica",null,"No aplica","No aplica","No aplica",0,"No aplica",null,"SF Tipo 4 - 68307 - GIRON - Beneficiarios: 700",null,474,"Unidad",4640,2199360,101716]
["Agregar nuevo artículo o servicio","No aplica","No aplica",null,"No aplica","No aplica","No aplica",0,"No aplica",null,"SF Tipo 4 - 68432 - MALAGA - Beneficiarios: 34",null,1074,"Unidad",4640,4983360,101716]
["Agregar nuevo artículo o servicio","No aplica","No aplica",null,"No aplica","No aplica","No aplica",0,"No aplica",null,"SF Tipo 4 - 68547 - PIEDECUESTA - Beneficiarios: 126",null,797,"Unidad",4640,3698080,101716]
["Agregar nuevo artículo o servicio","No aplica","No aplica",null,"No aplica","No aplica","No aplica",0,"No aplica",null,"SF Tipo 4 - 68679 - SAN GIL - Beneficiarios: 93",null,785,"Unidad",4640,{"$f":"ROUND(M104*O104, 2)","v":3642400},101716]
["Agregar nuevo artículo o servicio","No aplica","No aplica",null,"No aplica","No aplica","No aplica",0,"No aplica",null,"SF Tipo 4 - 68861 - VELEZ - Beneficiarios: 70",null,780,"Unidad",4640,3619200,101716]
["Agregar nuevo artículo o servicio","No aplica","No aplica",null,"No aplica","No aplica","No aplica",0,"No aplica",null,"SF Tipo 4 - 70820 - SANTIAGO DE TOLU - Beneficiarios: 3",null,15,"Unidad",4640,69600,101716]
["Agregar nuevo artículo o servicio","No aplica","No aplica",null,"No aplica","No aplica","No aplica",0,"No aplica",null,"SF Tipo 4 - 70001 - SINCELEJO - Beneficiarios: 2232",null,855,"Unidad",4640,3967200,101716]
["Agregar nuevo artículo o servicio","No aplica","No aplica",null,"No aplica","No aplica","No aplica",0,"No aplica",null,"SF Tipo 4 - 73268 - ESPINAL - Beneficiarios: 629",null,442,"Unidad",4640,2050880,101716]
["Agregar nuevo artículo o servicio","No aplica","No aplica",null,"No aplica","No aplica","No aplica",0,"No aplica",null,"SF Tipo 4 - 73001 - IBAGUE - Beneficiarios: 4353",null,1413,"Unidad",4640,6556320,101716]
["Agregar nuevo artículo o servicio","No aplica","No aplica",null,"No aplica","No aplica","No aplica",0,"No aplica",null,"SF Tipo 4 - 76109 - BUENAVENTURA - Beneficiarios: 1136",null,2362,"Unidad",4640,10959680,101716]
["Agregar nuevo artículo o servicio","No aplica","No aplica",null,"No aplica","No aplica","No aplica",0,"No aplica",null,"SF Tipo 4 - 76111 - GUADALAJARA DE BUGA - Beneficiarios: 645",null,2483,"Unidad",4640,11521120,101716]
["Agregar nuevo artículo o servicio","No aplica","No aplica",null,"No aplica","No aplica","No aplica",0,"No aplica",null,"SF Tipo 4 - 76520 - PALMIRA - Beneficiarios: 1533",null,2693,"Unidad",4640,12495520,101716]
["Agregar nuevo artículo o servicio","No aplica","No aplica",null,"No aplica","No aplica","No aplica",0,"No aplica",null,"SF Tipo 4 - 76834 - TULUA - Beneficiarios: 1707",null,378,"Unidad",4640,1753920,101716]
["Agregar nuevo artículo o servicio","No aplica","No aplica",null,"No aplica","No aplica","No aplica",0,"No aplica",null,"SF Tipo 4 - 99001 - PUERTO CARREÑO - Beneficiarios: 122",null,146,"Unidad",4640,677440,101716]
[]
[null,null,null,null,null,null,"Cantidad de celdas a agregar:",null,73]
[]
[]
["Sección 5: Resultados de la modificación"]
[]
["Número de la línea según O.C.","Nombre del artículo",null,null,null,"Valores actuales",null,null,"Nuevos valores"]
[98,"Valor de la línea IVA en la Orden de Compra:",null,null,null,{"$f":"ROUND(M122, 2)","v":638115072},null,null,748564147,null,null,null,638115072]
[null,"Valor de la línea AIU en la Orden de Compra:"]
[null,"Valor de la línea gravámenes adicionales en la Orden de Compra:"]
[]
[null,null,null,null,null,null,null,null,null,null,null,"2016-11-08"]
[]
[]
[null,"Firma ordenador del gasto",null,null,null,null,"Firma de Proveedor",null,null,null,null,"Fecha de elaboración"]
[]
["Nombre:","SANDRA LOZANO USECHE",null,null,null,"Nombre:","MONICA SANTAMARIA SALAMANCA",null,null,null,"Las partes manifestamos que este mismo documento se cargará en la plataforma en formato Excel (.xlsm) y los cambios se pueden validar con el mismo."]
["Documento de Identidad:",51752710,null,null,"Documento de Identidad:",null,35462826]

{"sheet":"Instructivo de Diligenciamiento","index":1,"n_rows":4,"n_cols":2,"rows_kept":4,"cut":false,"hidden":false,"merged":[[3,1,82,10]]}
[]
[]
[]
[null,"Instrucciones de diligenciamiento:\n\nColombia Compra Eficiente ha diseñado este formato para que las Entidades Compradoras puedan realizar aclaraciones, modificaciones, cancelaciones o terminaciones y liquidaciones de las Órdenes de Compra que estén en ejecución y vigentes, o ejecutadas. Para ello debe indicar:\n\nDatos generales: Datos básicos como número de la Orden de Compra que requiere cambiar, número consecutivo de solicitud tenga en cuenta que la primera solicitud corresponderá a la número “1”, nombre de la Entidad Compradora, nombre de la persona que solicita las acciones, celular o número de teléfono y extensión, NIT de la Entidad Compradora y el nombre del Proveedor que ejecuta la Orden de Compra.\n\nSección 1. Tipo de acción: Las Entidades pueden solicitar cuatro tipos de acciones respecto de las Órdenes de Compra:\n\n(i) Aclaraciones: Son las indicaciones de cambio de información que no afectan el plazo, el valor o las condiciones contractuales de las Órdenes de Compra como: redacción en las condiciones de entrega, errores de digitación  o rectificación de la fecha de vencimiento. Estas aclaraciones no requieren de la aceptación del Proveedor. Sin embargo una vez realizada la aclaración en la Orden de Compra, la Entidad Compradora debe notificarle al Proveedor el cambio. \n\n(ii) Modificaciones: Son indicaciones de cambio en aumento o disminución de valor o plazo,  aumento o disminución de los bienes o servicios solicitados, cambios en las condiciones de ejecución o datos que afecten la ejecución de la Orden de Compra. Solo en los casos de cambio de supervisor y datos de notificación como dirección o teléfono se puede omitir la firma del Proveedor. Sin embargo una vez realizada la modificación, la Entidad Compradora debe notificarle al Proveedor el cambio.\n\n(iii) Cancelación: Es la manifestación de la Entidad de no iniciar la ejecución de la Orden de Compra la cual también debe ser aceptada por el Proveedor.\n\n(iv) Terminación y Liquidación: Este tipo de acción es mediante la cual una Entidad Compradora formaliza la terminación y liquidación de las obligaciones derivadas de la Orden de Compra y así establece las acreencias pendientes a favor o en contra de cada parte de la Orden de Compra, también sirve para aclarar la ejecución de la misma o realizar la terminación anticipada en caso de que las partes así lo deseen. Este tipo de acción se debe aplicar dentro de los términos establecidos en cada Acuerdo Marco de Precios, para lo cual se requiere la solicitud por parte de la Entidad Compradora firmada por el Ordenador del Gasto y el representante legal del Proveedor, así como el informe del supervisor de la Orden de Compra. \n\nSección 2.  Justificación: Las razones de la realización del cambio de la Orden de Compra.\n\nSección 3. Modificación información general: la idea en esta sección es indicar cuales son los datos de información general de la orden de compra que requiere cambiar\n\nSección 4. Modificación de artículos o servicios: esta sección unicamente aplica en caso de que la acción a realizar sea modificar o terminar y liquidar la orden de compra, allí deberá indicar el tipo de midificación que desea realizar e ingresar o modificar los articulos que desea ajustar. Al momento de diligenciar esta sección tenga en cuenta las siguientes recomendaciones:\n\n(i) Las correcciones en el plazo de ejecución son diferentes a las modificaciones en el plazo, ejemplo: la Entidad Compradora adquirió elementos con tres entregas parciales pero digitó como fecha final de la Orden de Compra la fecha de la primera entrega, para corregir esto la Entidad Compradora selecciona en tipo de acción: aclaración y en el campo de fecha de vencimiento indica la fecha correcta. En el caso que fuera cambio de fecha fin, ejemplo: prorrogar o disminuir varios meses la ejecución de la Orden de Compra se utiliza en tipo de acción: modificación.\n\n(ii) para la realización de las modificaciones tenga en cuenta las secciones de modificación de cada una de las guías de compra\n\n(iii) los valores y cantidades solo pueden tener hasta dos decimales.\n\n(iv) la decisión de modificar, adicionar o combinar las dos opciones dependerá de las necesidades de cada Entidad Compradora, ejemplo si es un servicio y adicionalmente solo requiere modificar “cantidad” se recomienda seleccionar “modificación de artículo”, cuando son bienes puede modificar cualquiera de los demás campos.\n\n(v) si requiere cambio de condiciones de un servicio ya ejecutado se recomienda modificar la línea para que se refleje la parte ejecutada y adicionar una nueva línea para las nuevas condiciones del servicio que va a ejecutar.\n\nSección 5. Resultados de la modificación: La entidad siempre debe indicar en el recuadro el valor total del IVA, AIU, gravámenes adicionales, estos campos serán los valores finales que quedarán en la Orden de Compra después de la modificación, tenga en cuenta que el campo de IVA no aplica para algunos AMP como: papelería, vehículos y SOAT y que el campo de AIU solo aplica para aseo y cafetería.\n\nFirmas del documento: El ordenador del gasto de la Entidad Compradora debe firmar el documento y enviarlo al Proveedor para que lo acepte y firme, en caso de que así se requiera. El documento firmado debe ser enviado a través del aplicativo dispuesto por   Colombia Compra Eficiente para realizar las acciones solicitadas.\n\nFecha de elaboración del documento: Corresponde a la fecha en la que la Entidad Compradora y el Proveedor llegaron a un acuerdo para realizar las acciones y se suscribe el documento, recuerde que: (i) para poder realizar modificaciones en las Órdenes de Compra las mismas se deben acordar dentro de la vigencia de la Orden de Compra, (ii) Las órdenes de compra no se podrán modificar si ya se encuentran vencidas, (iii) Se da por realizada la modificación o acción que requiera realizar la Entidad, desde le momento en que las partes la firmen. Colombia Compra Eficiente lo único que realiza en la Tienda Virtual es el proceso de publicación de la modificación o ajuste que las partes hayan acordado a través de la firma de este documento. \n\nSi la Entidad Compradora requiere agregar archivos que estén relacionados con las acciones a realizar como: copia del CDP y/o aprobación de Vigencia Futura (VF) que soporta la adición, soportes documentales, correos, cartas, etc... debe publicarlos junto con el documento de modificación suscrito en un único archivo .Pdf con alta resolución de escaneo, si el documento no es legible se tomaran los cambios contenidos en el formato Excel, tenga en cuenta que Colombia Compra Eficiente únicamente publicará las modificaciones especificadas en el formato enviado por el aplicativo.\n\n"]

{"sheet":"Listas","index":2,"n_rows":5,"n_cols":3,"rows_kept":5,"cut":false,"hidden":true,"merged":[]}
["TipoDeModificacion",null,"Modificacion"]
["Modificación de la Orden de Compra",null,"Modificación de artículo o servicio"]
["Aclaración a la Orden de Compra",null,"Agregar nuevo artículo o servicio"]
["Cancelación de la Orden de Compra",null,"Eliminar artículo o servicio"]
["Terminación y Liquidación de la Orden de Compra",null,"Ninguna"]